Plazmové naváranie /

Enregistré dans:
Détails bibliographiques
Auteur principal: Chorvát, Cyril (Auteur)
Format: Manuscrit Livre
Publié: Bratislava : Service Fachverlag, 1967
Tags: Ajouter un tag
Pas de tags, Soyez le premier à ajouter un tag!

MARC

LEADER 00000ntm a22000003a 4500
001 stu47293
005 20150617225711.7
008 ------s1967----cs----------------------d
040 |a STU  |b slo 
041 0
044 |a cs 
080 |a 621.791.92 
100 1 |a Chorvát, Cyril  |4 aut 
245 1 |a Plazmové naváranie /  |c [aut.] Chorvát,Cyril 
260 |a Bratislava :  |b Service Fachverlag,  |c 1967 
300 |a 109 s 
996 |b 284J002649  |c J*10319/DIZ.  |l JJSK  |s A  |a 24  |w stu47293_0001